000 00705nam a22002177a 4500
003 UA-OsUOA
001 38918
007 ta
008 20060601b un ||||| |||| 00| 0 ukr d
090 _a81'374.2
_bС48
942 _cBK
040 _aUA-OsUOA
_brus
_cUA-OsUOA
_dUA-OsUOA
245 _aСловарь литератуоведческих терминов
_cРед.-сост.: Л.И. Тимофеев, С.В. Тураев
300 _a509 с.
955 _a2
041 _arus
080 _a81'374.2
260 _aМ.
_bПросвещение
_c1974
650 7 _a8 Мовознавство. Художня література. Літературознавство
_2UDC
999 _c325050
_d325050